[Event "SK Münster 1 - Aachener SV 1"]
[Site "Oberliga NRW 2010/2011"]
[Date "2010.10.24"]
[Round "2.6"]
[White "Korth, Daniel"]
[Black "Frombach, Ralf"]
[Result "1-0"]
[WhiteElo "2119"]
[BlackElo "2184"]
[PlyCount "69"]
[EventDate "2010.??.??"]

1. d4 d5 2. c4 dxc4 3. Nf3 c6 4. e3 Be6 5. a4 Nf6 6. Na3 c5 7. Nxc4 Nc6 8. Nce5
cxd4 9. Nxc6 bxc6 10. Qxd4 Qxd4 11. Nxd4 Bd5 12. Nf3 Rb8 13. Ne5 Nd7 14. Nxd7
Kxd7 15. f3 e5 16. Bd3 Bc5 17. Ke2 Rb4 18. Rd1 Kc7 19. Rd2 Bb3 20. Bc2 Bc4+ 21.
Bd3 e4 22. fxe4 Re8 23. Rc2 Bxd3+ 24. Kxd3 Bd6 25. Bd2 Rbxe4 26. Rac1 Bxh2 27.
Rxc6+ Kb7 28. R1c4 R4e7 29. b4 f5 30. b5 Bg1 31. Kc2 Rd7 32. a5 Bxe3 33. a6+
Kb8 34. Bxe3 Rxe3 35. Rc8# 1-0

[Event "SK Münster 1 - Aachener SV 1"]
[Site "Oberliga NRW 2010/2011"]
[Date "2010.10.24"]
[Round "2.7"]
[White "Dischinger, Frank"]
[Black "Kamp, Christoph"]
[Result "1/2-1/2"]
[WhiteElo "2114"]
[BlackElo "2151"]
[Annotator ",Daniel"]
[PlyCount "42"]
[EventDate "2010.??.??"]

1. e4 e6 2. d4 d5 3. Nd2 Nf6 4. e5 Nfd7 5. f4 c5 6. Ndf3 Nc6 7. c3 Qb6 8. Ne2
f6 9. g3 cxd4 10. cxd4 Bb4+ 11. Bd2 O-O 12. Bh3 fxe5 13. Bxe6+ Kh8 14. O-O exd4
15. Kg2 Nf6 16. Bxc8 $11 d3 17. Bf5 dxe2 18. Qxe2 Rae8 19. Qd1 d4 20. Bd3 Nd5
21. Rf2 Bxd2 1/2-1/2

[Event "SK Münster 1 - Aachener SV 1"]
[Site "Oberliga NRW 2010/2011"]
[Date "2010.10.24"]
[Round "2.8"]
[White "Bolwerk, Peter"]
[Black "Titgemeyer, Sven"]
[Result "1/2-1/2"]
[WhiteElo "2180"]
[BlackElo "1981"]
[Annotator ",Daniel"]
[PlyCount "171"]
[EventDate "2010.??.??"]

1. e4 e5 2. Bc4 Nf6 3. d3 Nc6 4. Nf3 Be7 5. O-O d6 6. c3 O-O 7. Re1 h6 8. Bb3
Nh7 9. h3 Ng5 10. Nbd2 Kh8 11. d4 f5 12. Bd5 Bf6 13. Bxc6 bxc6 14. Nxg5 Bxg5
15. dxe5 dxe5 16. Nf3 Qxd1 17. Rxd1 Bf6 18. Be3 fxe4 19. Bc5 Re8 20. Nd2 Bf5
21. Re1 Rab8 22. Ba3 Red8 23. Nxe4 Rd5 24. Re2 Kg8 25. Rae1 Kf7 26. c4 Rd4 27.
b3 Rbd8 28. Bb4 Rd1 29. Ba5 Rxe1+ 30. Rxe1 Bxe4 31. Rxe4 Ke6 32. Kf1 Rd7 33.
Ke2 g5 34. Re3 Kf5 35. g4+ Ke6 36. Rd3 Rf7 37. f3 Rh7 38. Bb4 h5 39. Ke3 hxg4
40. hxg4 Rh2 41. Rd2 Rh7 42. Ke4 Rh1 43. Re2 Rh3 44. Bc5 a6 45. Rd2 Rh1 46. Re2
Rh3 47. Bb4 Rh6 48. Ba5 Rh7 49. Rc2 Bd8 50. Bc3 Bf6 51. b4 Rh1 52. b5 cxb5 53.
cxb5 axb5 54. Ba5 Bd8 55. Rc5 Rh2 56. Rxe5+ Kf6 57. Rxb5 Re2+ 58. Kd3 Rxa2 59.
Rc5 Ra3+ $11 60. Ke2 Ra2+ 61. Ke3 Ra3+ 62. Kf2 Ra2+ 63. Kg3 Ra4 64. Bxc7 Bxc7+
65. Rxc7 Ra2 66. Rc6+ Kg7 67. Rc3 Rb2 68. f4 gxf4+ 69. Kxf4 Rb4+ 70. Kg5 Rb5+
71. Kh4 Rb1 72. Kh5 Rb5+ 73. g5 Rb6 74. Rc7+ Kg8 75. Rc5 Kg7 76. Rf5 Rb1 77.
Rf4 Ra1 78. Kg4 Ra5 79. Rb4 Ra6 80. Kh5 Rc6 81. Rb7+ Kg8 82. Re7 Ra6 83. Re5
Kg7 84. Re7+ Kg8 85. g6 Ra1 86. Kh6 1/2-1/2

[Event "PSV Duisburg 1 - SG Porz 2"]
[Site "Oberliga NRW 2010/2011"]
[Date "2010.10.24"]
[Round "2.1"]
[White "Korotkevych, Stanislav"]
[Black "Wengenroth, Walter"]
[Result "1-0"]
[WhiteElo "2340"]
[BlackElo "2298"]
[Annotator ",Daniel"]
[PlyCount "75"]
[EventDate "2010.??.??"]

1. d4 Nf6 2. Nf3 e6 3. c4 d5 4. Nc3 Be7 5. Bf4 O-O 6. e3 Nbd7 7. cxd5 Nxd5 8.
Nxd5 exd5 9. a3 c5 10. dxc5 Nxc5 11. Be5 Bf6 12. Bxf6 Qxf6 13. Qd4 Qe7 14. Rd1
Rd8 15. Be2 Bf5 16. Qf4 Bc2 17. Rd2 Be4 18. O-O Rd6 19. b4 Ne6 20. Qe5 a5 21.
Rc1 axb4 22. axb4 Rc6 23. Rxc6 bxc6 24. Qc3 Bxf3 25. Bxf3 Qb7 26. h4 Ra6 27. g3
Rb6 $11 28. Rb2 h6 29. e4 c5 30. exd5 Nd4 31. Bg2 Rxb4 32. Rxb4 Qxb4 33. Qe3
Qb1+ 34. Kh2 Qb8 35. Qe7 Qc8 36. d6 Ne6 37. d7 Qd8 38. Qe8+ 1-0

[Event "PSV Duisburg 1 - SG Porz 2"]
[Site "Oberliga NRW 2010/2011"]
[Date "2010.10.24"]
[Round "2.2"]
[White "Fleck, Juergen"]
[Black "Malykin, Vitaly"]
[Result "1/2-1/2"]
[WhiteElo "2358"]
[BlackElo "2307"]
[PlyCount "45"]
[EventDate "2010.??.??"]

1. e4 g6 2. d4 Bg7 3. Be3 c5 4. Nc3 cxd4 5. Bxd4 Bxd4 6. Qxd4 Nf6 7. Nf3 Nc6 8.
Qe3 Ng4 9. Qf4 d6 10. Bc4 Nge5 11. Bb3 Nxf3+ 12. Qxf3 Be6 13. Qe3 Bxb3 14. axb3
O-O 15. O-O Qd7 16. Rfe1 Nb4 17. Re2 b6 18. Ra4 Nc6 19. Nd5 Rac8 20. c3 Kg7 21.
Rd2 Rfd8 22. Qg5 h6 23. Qh4 1/2-1/2

[Event "PSV Duisburg 1 - SG Porz 2"]
[Site "Oberliga NRW 2010/2011"]
[Date "2010.10.24"]
[Round "2.3"]
[White "Coenen, Michael"]
[Black "Kistella, Roman"]
[Result "1-0"]
[WhiteElo "2322"]
[BlackElo "2286"]
[PlyCount "99"]
[EventDate "2010.??.??"]

1. e4 c6 2. Nf3 d5 3. Nc3 Bg4 4. h3 Bxf3 5. Qxf3 e6 6. d3 Nd7 7. Bd2 Bd6 8. g3
Ngf6 9. Bg2 Qb6 10. O-O Qxb2 11. Rab1 Qa3 12. exd5 Nxd5 13. Ne4 Be7 14. Rxb7
Rd8 15. c4 N5b6 16. Bc3 O-O 17. Qg4 g6 18. Qe2 Qa6 19. Rc7 Rc8 20. Rxc8 Rxc8
21. Ba1 Qa3 22. Bb2 Qa5 23. Ba1 Qa3 24. Rb1 c5 25. Kh2 Re8 26. Qc2 f5 27. Nc3
Bf6 28. Nb5 Qa5 29. Bxf6 Nxf6 30. Nd6 Re7 31. Nb7 Qa4 32. Qe2 Nbd7 33. Rb5 Qa3
34. Ra5 Qc3 35. Rxa7 Qd4 36. Ra6 e5 37. Qd2 e4 38. Rd6 Qe5 39. dxe4 fxe4 40.
Rc6 Qd4 41. Qf4 Kg7 42. a4 e3 43. fxe3 Qb2 44. Nxc5 Nxc5 45. Rxc5 Nh5 46. Qd4+
Qxd4 47. exd4 Re3 48. a5 Nxg3 49. a6 Ra3 50. Rc7+ 1-0

[Event "PSV Duisburg 1 - SG Porz 2"]
[Site "Oberliga NRW 2010/2011"]
[Date "2010.10.24"]
[Round "2.4"]
[White "Schmitz, Joachim"]
[Black "Savchenko, Aleksij"]
[Result "1-0"]
[WhiteElo "2278"]
[BlackElo "2218"]
[PlyCount "47"]
[EventDate "2010.??.??"]

1. e4 c5 2. Nf3 e6 3. g3 a6 4. Bg2 b5 5. d4 cxd4 6. Nxd4 Bb7 7. O-O Qc7 8. Nc3
d6 9. Re1 Nd7 10. Bg5 h6 11. Nxe6 Qc4 12. Nxf8 Nxf8 13. Bf4 Rd8 14. Nd5 Ne6 15.
b3 Qc8 16. Bd2 Qb8 17. Rc1 Ne7 18. Nxe7 Kxe7 19. Ba5 Qa8 20. Qd2 Rd7 21. f4
Qa7+ 22. Kh1 h5 23. h4 Nd4 24. Rcd1 1-0

[Event "PSV Duisburg 1 - SG Porz 2"]
[Site "Oberliga NRW 2010/2011"]
[Date "2010.10.24"]
[Round "2.5"]
[White "Kreutzkamp, Reinhold"]
[Black "Schiffer, Kai-Uwe"]
[Result "1/2-1/2"]
[WhiteElo "2241"]
[BlackElo "2252"]
[PlyCount "31"]
[EventDate "2010.??.??"]

1. e4 c5 2. c3 Nf6 3. e5 Nd5 4. Nf3 e6 5. g3 Nc6 6. Bg2 Qc7 7. Qe2 b6 8. O-O
Bb7 9. Na3 Rc8 10. Re1 a6 11. Nc2 Be7 12. d4 cxd4 13. Ncxd4 Nxd4 14. Nxd4 O-O
15. Bd2 b5 16. Rac1 1/2-1/2

[Event "PSV Duisburg 1 - SG Porz 2"]
[Site "Oberliga NRW 2010/2011"]
[Date "2010.10.24"]
[Round "2.6"]
[White "Heisel, Guido"]
[Black "Peschlow, Patrick"]
[Result "1-0"]
[WhiteElo "2163"]
[BlackElo "2280"]
[PlyCount "45"]
[EventDate "2010.??.??"]

1. d4 Nf6 2. Bg5 e6 3. e4 h6 4. Bxf6 Qxf6 5. c3 b6 6. g3 Bb7 7. Bg2 Qd8 8. f4
c5 9. d5 exd5 10. e5 Qc7 11. Bxd5 Bxd5 12. Qxd5 Nc6 13. Na3 a6 14. Nf3 Be7 15.
Rd1 Rd8 16. Nc4 O-O 17. O-O b5 18. Nd6 Bxd6 19. Qxd6 Qxd6 20. Rxd6 Nb8 21. Nd2
Rfe8 22. Ne4 Rc8 23. Rd5 1-0

[Event "PSV Duisburg 1 - SG Porz 2"]
[Site "Oberliga NRW 2010/2011"]
[Date "2010.10.24"]
[Round "2.7"]
[White "Konings, Leon"]
[Black "Werner, Knud"]
[Result "0-1"]
[WhiteElo "2148"]
[BlackElo "2136"]
[PlyCount "82"]
[EventDate "2010.??.??"]

1. d4 c5 2. d5 f5 3. e4 fxe4 4. Nc3 Nf6 5. g4 g6 6. g5 Nh5 7. Be2 Ng7 8. Nxe4
Nf5 9. Nh3 Bg7 10. Nf4 Nh4 11. Qd3 O-O 12. Qh3 Nf5 13. d6 e6 14. c3 Qb6 15. Qg2
Nxd6 16. Bd3 Nxe4 17. Bxe4 d5 18. Bc2 Rxf4 19. Bxf4 Qxb2 20. Rc1 Qxc3+ 21. Bd2
Qe5+ 22. Kd1 Nc6 23. h4 Bd7 24. h5 Ne7 25. hxg6 hxg6 26. Rb1 b5 27. Rb3 Rf8 28.
Ra3 Qd4 29. f3 c4 30. Ke1 Qc5 31. Re3 d4 32. Re4 d3 33. Bd1 Nf5 34. Qh2 c3 35.
Bf4 c2 36. Bxc2 dxc2 37. Bc1 Qc3+ 38. Kf2 Bc6 39. Rf4 Rd8 40. Qh7+ Kf7 41. Rh6
Rd2+ 0-1

[Event "PSV Duisburg 1 - SG Porz 2"]
[Site "Oberliga NRW 2010/2011"]
[Date "2010.10.24"]
[Round "2.8"]
[White "Montignies, Rainer"]
[Black "Heedt, Thorsten"]
[Result "1/2-1/2"]
[WhiteElo "2224"]
[BlackElo "2092"]
[PlyCount "40"]
[EventDate "2010.??.??"]

1. Nf3 Nf6 2. g3 g6 3. b3 Bg7 4. Bb2 O-O 5. Bg2 c5 6. c4 Nc6 7. d4 cxd4 8. Nxd4
a6 9. O-O Qc7 10. Qd2 b6 11. Nc3 Bb7 12. Rfd1 Rfd8 13. Nd5 Nxd5 14. cxd5 Nxd4
15. Bxd4 Qd6 16. Bxg7 Kxg7 17. Qd4+ Kg8 18. Rac1 Rac8 19. Qf4 Qxf4 20. gxf4 d6
1/2-1/2

[Event "SV Wattenscheid 2 - SV Castrop-Rauxel 1"]
[Site "Oberliga NRW 2010/2011"]
[Date "2010.10.24"]
[Round "2.1"]
[White "Michielsen, Joost"]
[Black "Mladenov, Svetlin"]
[Result "0-1"]
[WhiteElo "2354"]
[BlackElo "2388"]
[PlyCount "57"]
[EventDate "2010.??.??"]

1. e4 d6 2. d4 Nf6 3. Nc3 e5 4. Nf3 Nbd7 5. Bc4 Be7 6. O-O O-O 7. Re1 c6 8. a4
a5 9. b3 Nb6 10. Bf1 exd4 11. Qxd4 d5 12. Bb2 Bg4 13. e5 Bxf3 14. gxf3 Nh5 15.
Rad1 f5 16. Ne2 Nd7 17. Ng3 Bc5 18. Qd2 Qh4 19. Bd4 Bb4 20. c3 Be7 21. e6 Nc5
22. Qc2 Nf4 23. Re5 Ng6 24. Rxf5 Nxe6 25. Rh5 Nxd4 26. Rxd4 Qf6 27. Rf5 Qe6 28.
Bh3 Qe1+ 29. Kg2 0-1

[Event "SV Wattenscheid 2 - SV Castrop-Rauxel 1"]
[Site "Oberliga NRW 2010/2011"]
[Date "2010.10.24"]
[Round "2.2"]
[White "Visser, Yge"]
[Black "Racherbaeumer, Marcel"]
[Result "1-0"]
[WhiteElo "2399"]
[BlackElo "2246"]
[PlyCount "41"]
[EventDate "2010.??.??"]

1. e4 c5 2. d3 Nc6 3. g3 g6 4. Bg2 Bg7 5. f4 d6 6. Nf3 e6 7. O-O Nge7 8. c3 e5
9. Na3 Rb8 10. Be3 b6 11. f5 gxf5 12. Ng5 h6 13. exf5 hxg5 14. f6 Bxf6 15. Rxf6
Be6 16. Bxg5 Qd7 17. Qa4 d5 18. Raf1 Rg8 19. Qh4 Kd8 20. Rxf7 Bxf7 21. Rxf7 1-0

[Event "SV Wattenscheid 2 - SV Castrop-Rauxel 1"]
[Site "Oberliga NRW 2010/2011"]
[Date "2010.10.24"]
[Round "2.3"]
[White "Deegens, Vincent"]
[Black "Souleidis, Georgios"]
[Result "0-1"]
[WhiteElo "2213"]
[BlackElo "2350"]
[PlyCount "82"]
[EventDate "2010.??.??"]

1. e4 c5 2. c3 Nf6 3. e5 Nd5 4. d4 cxd4 5. Nf3 e6 6. cxd4 d6 7. Nc3 Nxc3 8.
bxc3 Qc7 9. Bd2 Nc6 10. Bd3 dxe5 11. O-O g6 12. Re1 Bg7 13. Nxe5 Nxe5 14. Bf4
O-O 15. Bxe5 Bxe5 16. dxe5 Rd8 17. Re3 b6 18. Qe1 Bb7 19. f4 Rac8 20. Rc1 Qc5
21. Kh1 Rd4 22. Qh4 Bxg2+ 23. Kxg2 Qd5+ 24. Kg1 Rxd3 25. Rxd3 Qxd3 26. Qe1 Rd8
27. c4 Qd4+ 28. Qf2 Qxf2+ 29. Kxf2 Rd2+ 30. Kg3 Rxa2 31. c5 bxc5 32. Rxc5 a5
33. h3 a4 34. Ra5 a3 35. Kh4 Ra1 36. Kg3 Kg7 37. Kh4 a2 38. Ra4 h6 39. f5 exf5
40. Ra7 g5+ 41. Kh5 Rh1 0-1

[Event "SV Wattenscheid 2 - SV Castrop-Rauxel 1"]
[Site "Oberliga NRW 2010/2011"]
[Date "2010.10.24"]
[Round "2.4"]
[White "Dinstuhl, Volkmar"]
[Black "van Dijk, Timon"]
[Result "1/2-1/2"]
[WhiteElo "2402"]
[BlackElo "2207"]
[PlyCount "81"]
[EventDate "2010.??.??"]

1. c4 e6 2. Nc3 d5 3. d4 Be7 4. Nf3 Nf6 5. cxd5 exd5 6. Bf4 c6 7. Qc2 O-O 8. e3
a5 9. Bd3 Na6 10. a3 Nc7 11. O-O h6 12. h3 Nce8 13. Rad1 Nd6 14. Ne5 Re8 15.
Bh2 Nfe4 16. Nxe4 dxe4 17. Bxe4 Nxe4 18. Qxe4 f6 19. Nc4 Bxa3 20. Qg6 Bf8 21.
Bc7 Bf5 22. Qg3 Qe7 23. d5 Qc5 24. Qf4 Bc2 25. Rd4 cxd5 26. Nb6 Rac8 27. Nxc8
Rxc8 28. Bb8 Bb3 29. Rd3 Bc4 30. Rc1 Qb5 31. Bd6 Rc6 32. Bxf8 Bxd3 33. Rxc6
Qxc6 34. Qb8 a4 35. Ba3+ Kh7 36. Qf4 Be4 37. f3 Bg6 38. Qd4 b5 39. Bf8 Kg8 40.
Bc5 Qe6 41. Kf2 1/2-1/2

[Event "SV Wattenscheid 2 - SV Castrop-Rauxel 1"]
[Site "Oberliga NRW 2010/2011"]
[Date "2010.10.24"]
[Round "2.5"]
[White "Fischer, Thomas"]
[Black "Franke, Johannes"]
[Result "0-1"]
[WhiteElo "2135"]
[BlackElo "2292"]
[PlyCount "68"]
[EventDate "2010.??.??"]

1. d4 c5 2. d5 e5 3. e4 d6 4. Nf3 Be7 5. Bd3 Bg4 6. h3 Bxf3 7. Qxf3 Bg5 8. Bxg5
Qxg5 9. Nd2 Nh6 10. Bb5+ Ke7 11. Bd3 Nd7 12. Nf1 a6 13. a4 b5 14. b3 c4 15.
bxc4 bxc4 16. Bxc4 f5 17. Ng3 g6 18. O-O Nc5 19. Rfb1 Qh4 20. Bd3 f4 21. Nf1
Nf7 22. Qg4 Qf6 23. h4 h5 24. Qh3 g5 25. hxg5 Nxg5 26. Qh2 Rag8 27. Nd2 h4 28.
Kf1 h3 29. Ke2 hxg2 30. Qxg2 f3+ 31. Nxf3 Nge6 32. Qf1 Nf4+ 33. Ke3 Rh3 34. Be2
Qh6 0-1

[Event "SV Wattenscheid 2 - SV Castrop-Rauxel 1"]
[Site "Oberliga NRW 2010/2011"]
[Date "2010.10.24"]
[Round "2.6"]
[White "Hirsch, Stefan"]
[Black "Kaeding, Rainer"]
[Result "1/2-1/2"]
[WhiteElo "2187"]
[BlackElo "2135"]
[PlyCount "48"]
[EventDate "2010.??.??"]

1. e4 c5 2. Nf3 e6 3. b3 Nf6 4. e5 Nd5 5. c4 Nb6 6. d4 cxd4 7. Nxd4 d6 8. exd6
Bxd6 9. Nc3 Be5 10. Be3 Nc6 11. Ndb5 O-O 12. Qxd8 Rxd8 13. Rc1 Nd7 14. g3 a6
15. Na3 Bd4 16. Bg2 Nc5 17. Ke2 e5 18. Nd5 Bg4+ 19. f3 Bf5 20. Nc2 Nd3 21. Rcd1
Nf4+ 22. gxf4 Bxc2 23. Rd2 Bxe3 24. Kxe3 exf4+ 1/2-1/2

[Event "SV Wattenscheid 2 - SV Castrop-Rauxel 1"]
[Site "Oberliga NRW 2010/2011"]
[Date "2010.10.24"]
[Round "2.7"]
[White "Hille, Ralph Ingo"]
[Black "Bouaraba, Max"]
[Result "0-1"]
[WhiteElo "2096"]
[BlackElo "2156"]
[Annotator ",Daniel"]
[PlyCount "31"]
[EventDate "2010.??.??"]

1. b3 d5 2. Bb2 Bf5 3. e3 e6 4. f4 Nf6 5. Nf3 Be7 6. d3 O-O 7. Nbd2 c5 8. g3
Nc6 9. Bg2 Ng4 10. Nf1 Bf6 11. Qc1 Qa5+ 12. Ke2 c4 13. Ne1 cxd3+ 14. cxd3 Rac8
15. Bxf6 Nxf6 16. Qd2 {ZÜ} 0-1

[Event "SV Wattenscheid 2 - SV Castrop-Rauxel 1"]
[Site "Oberliga NRW 2010/2011"]
[Date "2010.10.24"]
[Round "2.8"]
[White "Lehmann, Holger"]
[Black "Mueller, Frank"]
[Result "1/2-1/2"]
[WhiteElo "2128"]
[BlackElo "2043"]
[PlyCount "35"]
[EventDate "2010.??.??"]

1. c4 Nf6 2. d4 g6 3. Nc3 d5 4. cxd5 Nxd5 5. g3 Bg7 6. Bg2 Nxc3 7. bxc3 c5 8.
e3 Nc6 9. Ne2 Bd7 10. O-O Rc8 11. h3 Na5 12. a4 b6 13. e4 cxd4 14. cxd4 O-O 15.
Bg5 h6 16. Bd2 Rc4 17. Bxa5 bxa5 18. Qd3 1/2-1/2

[Event "Godesberger SK 1 - DJK Aufwärts Aachen "]
[Site "Oberliga NRW 2010/2011"]
[Date "2010.10.24"]
[Round "2.1"]
[White "Komarov, Dimitri"]
[Black "Dranov, Aleksandr"]
[Result "1/2-1/2"]
[WhiteElo "2541"]
[BlackElo "2442"]
[PlyCount "53"]
[EventDate "2010.??.??"]

1. d4 d5 2. c4 c6 3. Nc3 Nf6 4. e3 g6 5. Nf3 Bg7 6. Be2 O-O 7. O-O Qb6 8. Bd2
Bg4 9. cxd5 Nxd5 10. h3 Nxc3 11. bxc3 Bf5 12. Ng5 c5 13. e4 Bc8 14. Be3 Nd7 15.
e5 h6 16. Ne4 f5 17. exf6 exf6 18. dxc5 Qa5 19. Nd6 Ne5 20. Qb3+ Kh7 21. Nxb7
Qc7 22. Nd6 Rb8 23. Qa3 Bd7 24. Bd4 Bc6 25. f4 Nf7 26. Bc4 Bxg2 27. Nxf7
1/2-1/2

[Event "Godesberger SK 1 - DJK Aufwärts Aachen "]
[Site "Oberliga NRW 2010/2011"]
[Date "2010.10.24"]
[Round "2.2"]
[White "Jackelen, Thomas"]
[Black "Drenchev, Petar Nikolov"]
[Result "1/2-1/2"]
[WhiteElo "2378"]
[BlackElo "2479"]
[PlyCount "47"]
[EventDate "2010.??.??"]

1. Nf3 g6 2. c4 Bg7 3. e4 e5 4. d4 exd4 5. Nxd4 Nc6 6. Be3 Nge7 7. Nc3 d6 8. h4
f5 9. h5 fxe4 10. hxg6 hxg6 11. Rxh8+ Bxh8 12. Nxe4 Nf5 13. Bg5 Qd7 14. Bf6
Nfxd4 15. Bxh8 Qe7 16. Bxd4 Qxe4+ 17. Be3 Bf5 18. Qd2 O-O-O 19. f3 Qh4+ 20. Qf2
Qf6 21. Qd2 Qh4+ 22. Qf2 Qf6 23. Qd2 Qh4+ 24. Qf2 1/2-1/2

[Event "Godesberger SK 1 - DJK Aufwärts Aachen "]
[Site "Oberliga NRW 2010/2011"]
[Date "2010.10.24"]
[Round "2"]
[White "Roeder, Matthias"]
[Black "Mertens, Heiko"]
[Result "1-0"]
[WhiteElo "2396"]
[BlackElo "2282"]
[PlyCount "123"]
[EventDate "2010.??.??"]

1. Nf3 c5 2. c4 Nf6 3. g3 b6 4. Bg2 Bb7 5. O-O e6 6. Nc3 Be7 7. b3 O-O 8. Bb2
d6 9. d4 cxd4 10. Qxd4 a6 11. Rfd1 Nbd7 12. Qe3 Qc7 13. Nd4 Bxg2 14. Kxg2 Rfe8
15. Kg1 Rac8 16. Qf3 Ne5 17. Qg2 Nc6 18. Nxc6 Qxc6 19. Qxc6 Rxc6 20. e3 Rec8
21. Rac1 Kf8 22. Kg2 Nd7 23. Ne2 Nf6 24. h3 g6 25. g4 Ke8 26. f4 Nd7 27. g5
R6c7 28. Kf3 b5 29. cxb5 axb5 30. Rxc7 Rxc7 31. Rc1 Rxc1 32. Bxc1 b4 33. Bd2 d5
34. Nd4 Nb8 35. e4 Kd7 36. Nc2 Nc6 37. Ke3 Bc5+ 38. Kd3 Bd6 39. Ne3 Ne7 40. Ng4
dxe4+ 41. Kxe4 Nd5 42. Ne5+ Ke8 43. Kd4 Ke7 44. Nd3 Ke8 45. Kc4 Kd8 46. h4 Kd7
47. Nxb4 Nxb4 48. Bxb4 Bxf4 49. Be1 h6 50. gxh6 Bxh6 51. Bf2 Kc6 52. b4 f5 53.
a4 Bd2 54. a5 Kb7 55. Kb5 f4 56. a6+ Ka8 57. Kc4 e5 58. b5 e4 59. Bc5 f3 60. b6
Bf4 61. Kd5 f2 62. b7+ 1-0

[Event "Godesberger SK 1 - DJK Aufwärts Aachen "]
[Site "Oberliga NRW 2010/2011"]
[Date "2010.10.24"]
[Round "2.4"]
[White "Schmidt, Bodo"]
[Black "Gulbas, Cemil"]
[Result "1-0"]
[WhiteElo "2333"]
[BlackElo "2325"]
[PlyCount "69"]
[EventDate "2010.??.??"]

1. d4 d5 2. c4 c6 3. cxd5 cxd5 4. Nc3 Nf6 5. Bf4 a6 6. e3 e6 7. Nf3 b5 8. Bd3
Bb7 9. O-O Nc6 10. a4 b4 11. Nb1 Bd6 12. Nbd2 O-O 13. Nb3 Ne4 14. Bxe4 dxe4 15.
Bxd6 Qxd6 16. Nfd2 f5 17. Nc5 Ra7 18. Qb3 Bc8 19. a5 Kh8 20. Rfc1 Qe7 21. Qc4
e5 22. d5 Nd8 23. Qxb4 Nf7 24. Qb6 Rd8 25. Rc2 Rxd5 26. Ncxe4 Rd8 27. Nc5 h6
28. Nf3 Kh7 29. Rd2 Rxd2 30. Nxd2 Nd6 31. b4 Nb5 32. Rc1 Rc7 33. Nb1 Qh4 34.
Na3 Rxc5 35. Qxc5 1-0

[Event "Godesberger SK 1 - DJK Aufwärts Aachen "]
[Site "Oberliga NRW 2010/2011"]
[Date "2010.10.24"]
[Round "2.5"]
[White "Hautot, Stephane"]
[Black "Grimm, Sascha"]
[Result "0-1"]
[WhiteElo "2397"]
[BlackElo "2303"]
[PlyCount "108"]
[EventDate "2010.??.??"]

1. e4 e6 2. d4 d5 3. Nc3 Bb4 4. e5 Ne7 5. Qg4 c5 6. Nf3 cxd4 7. Nxd4 O-O 8. Bd3
Ng6 9. Bxg6 fxg6 10. h4 Qc7 11. Qg3 Nc6 12. Nxc6 bxc6 13. Bd2 Qb6 14. h5 Bc5
15. O-O-O Bxf2 16. Qh3 g5 17. h6 g6 18. Bxg5 Rf5 19. Bd2 Rb8 20. b3 Bd7 21. g4
Rf7 22. Kb1 Rbf8 23. Qd3 c5 24. Rh3 Bd4 25. Re1 c4 26. Qe2 Rf2 27. Qd1 Bc5 28.
Bc1 Bc6 29. Bb2 Bb4 30. a3 cxb3 31. cxb3 Bc5 32. Ne2 a5 33. Rc3 d4 34. Rc1 Be4+
35. Ka2 Bd5 36. Qc2 d3 37. Qxd3 a4 38. Ka1 axb3 39. Rcd1 Qa7 40. Rd2 Bxa3 41.
Nc3 Rxd2 42. Qxd2 Rf2 43. Re2 Rf1+ 44. Re1 Rf2 45. Re2 Rf1+ 46. Re1 Bb4+ 47.
Kb1 Qg1 48. Rxf1 Qxf1+ 49. Bc1 Qc4 50. Kb2 Bc5 51. Qg5 Bf8 52. Qd8 Qc5 53. Bg5
Qa3+ 54. Kb1 Be4+ 0-1

[Event "Godesberger SK 1 - DJK Aufwärts Aachen "]
[Site "Oberliga NRW 2010/2011"]
[Date "2010.10.24"]
[Round "2.6"]
[White "Armbruster, Alexander"]
[Black "Skulener, Wladimir"]
[Result "1/2-1/2"]
[WhiteElo "2238"]
[BlackElo "2285"]
[Annotator ",Daniel"]
[PlyCount "57"]
[EventDate "2010.??.??"]

1. d4 f5 2. Bg5 g6 3. Nd2 Bg7 4. e4 fxe4 5. Nxe4 d5 6. Nc5 b6 7. Nb3 Nh6 8. Nf3
Nf7 9. Bh4 O-O 10. Be2 Qd7 11. Bg3 Nc6 12. c4 e6 13. O-O Bb7 14. Re1 Nd6 $11
15. Bxd6 Qxd6 16. c5 Qf4 17. Bb5 Nd8 18. Nc1 a6 19. Be2 Nc6 20. Nd3 Qf7 21.
cxb6 Nxd4 22. Nc5 cxb6 23. Nxb7 Nxe2+ 24. Qxe2 Qxb7 25. Qxe6+ Kh8 26. Rad1 Rad8
27. b3 d4 28. Ng5 Qd5 29. Qg4 1/2-1/2

[Event "Godesberger SK 1 - DJK Aufwärts Aachen "]
[Site "Oberliga NRW 2010/2011"]
[Date "2010.10.24"]
[Round "2.7"]
[White "van Dooren, Dirk"]
[Black "Luetke, Jens"]
[Result "1/2-1/2"]
[WhiteElo "2248"]
[BlackElo "2281"]
[PlyCount "167"]
[EventDate "2010.??.??"]

1. e4 d6 2. d4 Nf6 3. Nc3 g6 4. Nf3 Bg7 5. h3 O-O 6. Be3 c6 7. a4 Nbd7 8. a5
Qc7 9. Be2 e5 10. dxe5 Nxe5 11. Nxe5 dxe5 12. O-O Re8 13. Bc4 Be6 14. Qe2 Nh5
15. Bxe6 Rxe6 16. Qc4 Bf8 17. Rfd1 Rd6 18. a6 b6 19. b4 Nf4 20. Nb5 Rxd1+ 21.
Rxd1 Qc8 22. Bxf4 exf4 23. Nd4 c5 24. bxc5 Bxc5 25. Qd5 Bxd4 26. Rxd4 Rb8 27.
c4 Qxa6 28. Qe5 Rf8 29. Rd7 Qxc4 30. Rxa7 Qc1+ 31. Kh2 Qd2 32. f3 b5 33. Qxb5
Qe1 34. Qg5 Qe3 35. Rb7 Qd2 36. Qf6 Qc1 37. e5 Qc4 38. Re7 Qd4 39. Rc7 Qd8 40.
Rc4 Qxf6 41. exf6 g5 42. h4 gxh4 43. Kh3 Ra8 44. Kxh4 h6 45. Rxf4 Ra6 46. Kh5
Kh7 47. Rf5 Ra2 48. g3 Rh2+ 49. Kg4 Kg6 50. Ra5 Kxf6 51. Ra6+ Kg7 52. f4 Rh1
53. Kf5 Rh5+ 54. Ke4 Rb5 55. Kf3 Rb3+ 56. Kg4 Rb1 57. Kf5 Rb5+ 58. Ke4 Rb4+ 59.
Kd5 Rb3 60. g4 Rg3 61. g5 hxg5 62. fxg5 Rxg5+ 63. Ke4 Rg6 64. Ra1 Rf6 65. Rg1+
Kf8 66. Ra1 Rb6 67. Kf5 Rh6 68. Rb1 Rh2 69. Rf1 Rg2 70. Kf6 Rg6+ 71. Kf5 Kg7
72. Ra1 Rg2 73. Rf1 f6 74. Ra1 Rg5+ 75. Kf4 Rg2 76. Kf3 Rb2 77. Kf4 Rf2+ 78.
Kg3 Rf5 79. Kg4 Kg6 80. Ra8 Rd5 81. Rg8+ Kf7 82. Ra8 Rd1 83. Kf5 Rf1+ 84. Kg4
1/2-1/2

[Event "Godesberger SK 1 - DJK Aufwärts Aachen "]
[Site "Oberliga NRW 2010/2011"]
[Date "2010.10.24"]
[Round "2.8"]
[White "Andersen, Hans-Christoph"]
[Black "Tochtenhagen, Wolfgang"]
[Result "1/2-1/2"]
[WhiteElo "2205"]
[BlackElo "2127"]
[PlyCount "73"]
[EventDate "2010.??.??"]

1. d4 Nf6 2. c4 c5 3. d5 e6 4. Nc3 exd5 5. cxd5 d6 6. e4 g6 7. f4 Bg7 8. Bb5+
Nbd7 9. e5 dxe5 10. fxe5 Nh5 11. e6 Qh4+ 12. g3 Nxg3 13. exd7+ Bxd7 14. hxg3
Bxc3+ 15. bxc3 Qxg3+ 16. Kd2 Bxb5 17. Qf3 Qxf3 18. Nxf3 O-O-O 19. Ng5 f6 20.
Nf7 Rxd5+ 21. Kc2 Rf8 22. Nh6 Bd7 23. Be3 b6 24. Rae1 Re8 25. Bd2 Rxe1 26. Rxe1
Re5 27. Rxe5 fxe5 28. Nf7 Be6 29. Ng5 Bxa2 30. Nxh7 b5 31. Be3 b4 32. Bxc5 bxc3
33. Bxa7 Kb7 34. Be3 Kc6 35. Kxc3 Kd5 36. Nf8 Ke4 37. Nxg6 1/2-1/2

[Event "SG Porz 2 - SV Mülheim-Nord 2"]
[Site "Oberliga NRW 2010/2011"]
[Date "2010.11.28"]
[Round "3.1"]
[White "Litwak, Aleksej"]
[Black "Miedema, David"]
[Result "0-1"]
[WhiteElo "2294"]
[BlackElo "2409"]
[PlyCount "84"]
[EventDate "2010.??.??"]

1. e4 e5 2. Nf3 Nf6 3. Nxe5 d6 4. Nf3 Nxe4 5. Qe2 Qe7 6. d3 Nf6 7. Bg5 Qxe2+ 8.
Bxe2 Be7 9. Nc3 Nc6 10. Nb5 Kd8 11. O-O-O h6 12. Bf4 Bd7 13. d4 Nb4 14. Nc3
Nbd5 15. Nxd5 Nxd5 16. Bd2 b5 17. Ne1 c6 18. Nd3 Kc7 19. Nf4 Nb6 20. Kb1 a5 21.
Rhe1 Bd8 22. Bf3 Kb7 23. Nd3 g5 24. Bh5 Rh7 25. g4 Nd5 26. f4 Nf6 27. Rg1 Nxh5
28. gxh5 f6 29. Nf2 Kc7 30. Ne4 f5 31. Ng3 Bf6 32. c3 Rb8 33. Rdf1 g4 34. Re1
b4 35. Kc2 Kd8 36. Re3 Re7 37. Rge1 Ke8 38. R1e2 Kf7 39. Re1 Be6 40. b3 bxc3
41. Bxc3 Rb5 42. Rd1 Bxb3+ 0-1